| Tag |
First Indicator |
Second Indicator |
Subfields |
| LEADER |
00000cam a2200000Ii 4500 |
| 001 |
in00004580943 |
| 006 |
m o d |
| 007 |
cr cnu|||unuuu |
| 008 |
190614s1986 nyu o 000 0 eng d |
| 005 |
20220613175749.2 |
| 035 |
|
|
|a (FlBoTFG)9780203735558
|
| 040 |
|
|
|a OCoLC-P
|b eng
|e rda
|e pn
|c OCoLC-P
|
| 020 |
|
|
|a 9780203735558
|q (electronic bk.)
|
| 020 |
|
|
|a 0203735552
|q (electronic bk.)
|
| 020 |
|
|
|a 9781351407922
|q (electronic bk. : EPUB)
|
| 020 |
|
|
|a 1351407929
|q (electronic bk. : EPUB)
|
| 020 |
|
|
|z 9782881241338
|
| 020 |
|
|
|a 9781351407915
|q (electronic bk. : Mobipocket)
|
| 020 |
|
|
|a 1351407910
|q (electronic bk. : Mobipocket)
|
| 020 |
|
|
|a 9781351407939
|q (electronic bk. : PDF)
|
| 020 |
|
|
|a 1351407937
|q (electronic bk. : PDF)
|
| 035 |
|
|
|a (OCoLC)1104536522
|
| 035 |
|
|
|a (OCoLC-P)1104536522
|
| 050 |
|
4 |
|a QA611
|
| 072 |
|
7 |
|a MAT
|x 012000
|2 bisacsh
|
| 072 |
|
7 |
|a PBM
|2 bicssc
|
| 082 |
0 |
4 |
|a 513.83
|2 23
|
| 100 |
1 |
|
|a Pontri︠a︡gin, L. S.
|q (Lev Semenovich),
|d 1908-1988,
|e author.
|
| 245 |
1 |
0 |
|a L. S. Pontryagin selected works.
|n Volume 2,
|p Topological groups /
|c by L.S. Pontryagin ; translated from the Russian by Arlen Brown with additional material translated by P.S.V. Naidu.
|
| 250 |
|
|
|a [Third edition].
|
| 264 |
|
1 |
|a [New York, NY] :
|b Gordon and Breach Science Publishers,
|c [1986].
|
| 300 |
|
|
|a 1 online resource (544 pages).
|
| 336 |
|
|
|a text
|b txt
|2 rdacontent
|
| 337 |
|
|
|a computer
|b c
|2 rdamedia
|
| 338 |
|
|
|a online resource
|b cr
|2 rdacarrier
|
| 505 |
0 |
|
|a Prefaces, Introduction, Notation, 1 Groups, 2 Topological Spaces, 3 Topological Groups, 4 Topological Division Rings, 5 Linear Representations of Compact Topological Groups, 6 Locally Compact Commutative Groups, 7 The Concept of a Lie Group, 8 The Structure of Compact Groups, 9 Locally Isomorphic Groups, 10 Lie Groups and Lie Algebras, 11 The Structure of Compact Lie Groups, References, Index.
|
| 520 |
|
|
|a Offering the insights of L.S. Pontryagin, one of the foremost thinkers in modern mathematics, the second volume in this four-volume set examines the nature and processes that make up topological groups. Already hailed as the leading work in this subject for its abundance of examples and its thorough explanations, the text is arranged so that readers can follow the material either sequentially or schematically. Stand-alone chapters cover such topics as topological division rings, linear representations of compact topological groups, and the concept of a lie group.
|
| 588 |
|
|
|a OCLC-licensed vendor bibliographic record.
|
| 650 |
|
7 |
|a MATHEMATICS / Geometry / General
|2 bisacsh
|
| 650 |
|
0 |
|a Continuous groups.
|
| 650 |
|
0 |
|a Topology.
|
| 655 |
|
7 |
|a Electronic books.
|2 local
|
| 700 |
1 |
|
|a Brown, Arlen,
|d 1926-
|e translator.
|
| 710 |
1 |
|
|a Taylor & Francis.
|
| 730 |
0 |
|
|a MATHnetBASE.
|
| 856 |
4 |
0 |
|u http://proxy.library.tamu.edu/login?url=https://www.taylorfrancis.com/books/9780203735558
|z Connect to the full text of this electronic book
|t 0
|
| 999 |
f |
f |
|s de10c803-6fd3-4460-95f4-2e952c1c8299
|i de10c803-6fd3-4460-95f4-2e952c1c8299
|t 0
|
| 952 |
f |
f |
|a Texas A&M University
|b College Station
|c Electronic Resources
|d Available Online
|t 0
|e QA611
|h Library of Congress classification
|
| 998 |
f |
f |
|a QA611
|t 0
|l Available Online
|